| 000 | 00466nam a2200193Ia 4500 | ||
|---|---|---|---|
| 005 | 20240823062410.0 | ||
| 008 | 240823s9999||||xx |||||||||||||| ||und|| | ||
| 041 | _aENGLISH | ||
| 082 | _A005.133 N4 C++ | ||
| 100 | _a"Dewhurst,Stephen C" | ||
| 245 | 0 | _aProgramming in C++ | |
| 250 | _a1st | ||
| 260 |
_c1994 _b"PHI,New Delhi" |
||
| 500 | _aTRANSFERED | ||
| 650 |
_aC++ _bComputer Applications |
||
| 700 | _a" Stark,Kathy T" | ||
| 942 | _cBK | ||
| 999 |
_c235785 _d235785 |
||